000 00519nam a2200157 a 4500
001 000009017
005 20200929161450.0
008 090923s1914 dr 001 0 spa d
040 _aDO-SdBNP
_bspa
_cBNPHU
082 _axxxx
_bG216e
100 1 _aGarcía Mella, Moises
_923650
245 1 0 _aPor el establecimiento del gobierno civil en la república :
_bestudio sobre reformas políticas /
_cMoises García Mella.
260 _aSanto Domingo :
_bLa Cuna de América,
_c1914.
300 _a187 P. ;
_c25 cm.
049 _aBNPD
999 _c8781
_d8781